German States Quiz - North-Rhine Westphalia - Statistics

General Stats
  • This quiz has been taken 21 times
  • The average score is 10 of 18
Answer Stats
Hint Answer % Correct
State capital Düsseldorf
94%
Former German capital Bonn
89%
Major city on the border with the Netherlands and Belgium Aachen
83%
Population-wise, the largest city Cologne
83%
... and home to this composer who suffered hearing loss Ludwig van Beethoven
78%
Abbreviation commonly used for this state NRW
72%
... and the largest metropolitan area The Ruhr
72%
Alt and Kölsch are types of this beverage Beer
67%
Super model, formerly married to Seal, born and raised in Bergisch Gladbach Heidi Klum
67%
Most successful football club in the state BVB
61%
This Holy Roman ruler is buried there Charlemagne
56%
... and their biggest rival Schalke
50%
Lemonade invented in Essen Fanta
44%
Steel and weapon production company, inventors of the seamless railway wheels Krupp
39%
This industry is the main reason for the growth of the above Coal Mining
22%
Minister president Henrik Wüst
22%
monument near Detmold commemorating Arminius and his victory over the Romans Hermann Memorial
17%
Low mountain range to the east of the state Sauerland
17%
No matching quizzes found
Score Distribution
Percent of People with Each Score
Percentile by Number Answered
Your Score History
You have not taken this quiz